US States With a Disappearing Map - Statistics

General Stats
  • This quiz has been taken 7,474 times
    7,393 since last reset
  • The average score is 47 of 50
Answers on the Map
Answers color-coded by a green-red scale on the quiz's map according to % correct below.
 
Answer Stats
State % Correct
Alaska
98%
California
98%
Florida
98%
Texas
98%
Hawaii
97%
New York
97%
Washington
97%
Alabama
95%
Nevada
95%
New Mexico
95%
North Dakota
95%
South Dakota
95%
Arizona
94%
Idaho
94%
Maine
94%
Michigan
94%
North Carolina
94%
Ohio
94%
Oregon
94%
South Carolina
94%
Virginia
94%
Arkansas
93%
Colorado
93%
Georgia
93%
Illinois
93%
Kansas
93%
Louisiana
93%
Mississippi
93%
Montana
93%
New Jersey
93%
Utah
93%
West Virginia
93%
Wyoming
93%
Kentucky
92%
Oklahoma
92%
Rhode Island
92%
Delaware
91%
Indiana
91%
Iowa
91%
Pennsylvania
91%
Tennessee
91%
Vermont
91%
Connecticut
90%
Maryland
90%
Massachusetts
90%
Minnesota
90%
Nebraska
90%
New Hampshire
90%
Wisconsin
90%
Missouri
89%
No matching quizzes found
Score Distribution
Percent of People with Each Score
Percentile by Number Answered
Your Score History
You have not taken this quiz since the last reset